000 00659nam a2200265 a 4500
003 AR-BaBNM
005 20251128202830.0
008 082120s2002 ||||||||||||||000 | spa||
020 _a950-99094-7-S
040 _cAR-BaBNM
100 1 _aLagos, Miguel Elso
245 0 0 _aViaje al norte argentino
250 _a1ยช ed.
260 _aMendoza
_bDG
_c1988
300 _a97 p.
650 4 _aLITERATURA ARGENTINA
650 4 _aLITERATURA FOLKLORICA
650 4 _aCOSTUMBRES Y TRADICIONES
650 4 _aANTROPOLOGIA CULTURAL Y SOCIAL
650 4 _aFOLKLORE
653 _aLITERATURA DE VIAJES
655 _aLITERATURA
942 _cBK
998 _cMARTIN
999 _c793
_d793